| 000 | 02575nam a2200649 i 4500 | ||
|---|---|---|---|
| 001 | 37627 | ||
| 003 | KOSZ 005 | ||
| 005 | 20260603063327.0 | ||
| 008 | 200526s1999 pl a f 000 0 pol | ||
| 015 | _aUWD 2002/15574 | ||
| 020 | _a8385369457 | ||
| 035 | _a991011535089705066 | ||
| 035 | _a(PL-WaBN)b13136811-48omnis_nlop | ||
| 035 | _ab13136811 | ||
| 035 | _a(OCoLC)830278540 | ||
| 035 | _a(PL)b0000001313681 | ||
| 035 | _a(EXLNZ-48OMNIS_NETWORK)9910401648705606 | ||
| 040 |
_aWA N _cWA N _dKOSZ 005/RW |
||
| 046 | _k1999 | ||
| 080 | _a338.43(438) | ||
| 080 | _a332.122(438) | ||
| 245 | 0 | 0 |
_aTypologia wiejskich obszarów problemowych / _cpod redakcją naukową Andrzeja Rosnera ; [recenzenci: prof. dr hab. Marek Kłodziński, prof. dr hab. Józef Okuniewski] ; Polska Akademia Nauk. Instytut Rozwoju Wsi i Rolnictwa. |
| 260 |
_aWarszawa : _bPolska Akademia Nauk. Instytut Rozwoju Wsi i Rolnictwa, _c1999. |
||
| 300 |
_a125 stron, [40] stron tablic kolorowych : _bmapy : _c24 cm. |
||
| 336 |
_aTekst _btxt _2rdacontent |
||
| 337 |
_aBez urządzenia pośredniczącego _bn _2rdamedia |
||
| 338 |
_aWolumin _bnc _2rdacarrier |
||
| 380 | _aKsiążki | ||
| 380 | _aPublikacje naukowe | ||
| 388 | _a1901-2000 | ||
| 388 | _a1989-2000 | ||
| 490 | 1 | _aProblemy Rozwoju Wsi i Rolnictwa | |
| 504 | _aBibliografia przy pracach. | ||
| 536 | _aPublikacja współfinansowana ze środków: Fundacji Wspomagającej Zaopatrzenie Wsi w Wodę oraz Fundacji Programów Pomocy dla Rolnictwa. | ||
| 648 | 7 | _a1901-2000 | |
| 648 | 7 | _a1989-2000 | |
| 648 | 7 | _a2001- | |
| 650 | 7 |
_aWiejskie regiony problemowe _2DBN |
|
| 650 | 7 |
_aWsie _2DBN |
|
| 650 | 7 | _aRozwój gospodarczy | |
| 650 | 7 | _aŚrodowisko przyrodnicze | |
| 651 | 7 | _aPolska | |
| 655 | 7 | _aPraca zbiorowa | |
| 658 | _aRolnictwo i leśnictwo | ||
| 658 | _aGospodarka, ekonomia, finanse | ||
| 700 | 1 |
_aRosner, Andrzej _d(1945- ) _eAutor _eRedakcja |
|
| 700 | 1 |
_aFrenkel, Izasław _d(1929-2020) _eAutor |
|
| 700 | 1 |
_aPięcek, Beata _eAutor |
|
| 700 | 1 |
_aHeffner, Krystian _d(1951- ) _eAutor |
|
| 700 | 1 |
_aKłodziński, Marek _d(1938- ) _eRecenzja |
|
| 700 | 1 |
_aOkuniewski, Józef _eRecenzja |
|
| 710 | 2 |
_aInstytut Rozwoju Wsi i Rolnictwa (Polska Akademia Nauk) _4pbl |
|
| 830 | 0 | _aProblemy Rozwoju Wsi i Rolnictwa | |
| 856 |
_uhttp://koha.tu.koszalin.pl/cgi-bin/koha/opac-detail.pl?biblionumber=37627 _yKatalog online BPK |
||
| 942 |
_2UKD _cKS |
||
| 999 |
_c37627 _d37627 |
||